header

Infectious diseases (Record no. 201417)

MARC details
000 -LEADER
fixed length control field 01709nam a2200373Ia 4500
245 00 - TITLE STATEMENT
Title Infectious diseases
260 ## - PUBLICATION, DISTRIBUTION, ETC. (IMPRINT)
Place of publication Washington, D.C. :
Name of publisher National Academy Press,
Year of publication c2007.
300 ## - PHYSICAL DESCRIPTION
Number of Pages xiv 223 p. :
Other physical details ill.
490 0# - SERIES STATEMENT
Series statement Gulf War and health ;
650 #0 - SUBJECT ADDED ENTRY--TOPICAL TERM
Topical Term Persian Gulf War, 1991
Topical Term Persian Gulf War, 1991
Topical Term Persian Gulf syndrome
Topical Term Veterans
700 1# - ADDED ENTRY--PERSONAL NAME
Personal name Mitchell, Abigail E.
Personal name Sivitz, Laura B.
Personal name Black, Robert E.
856 40 - ELECTRONIC LOCATION AND ACCESS
Uniform Resource Identifier http://site.ebrary.com/lib/rucke/Doc?id=10156534

No items available.

© 2026 Rongo University
Contact us: librarian | system librarian | Rongo university